Android hackers handbook / (Record no. 194256)
[ view plain ]
| 000 -LEADER | |
|---|---|
| fixed length control field | 00891nam a2200277Ia 4500 |
| 005 - DATE AND TIME OF LATEST TRANSACTION | |
| control field | 20221115155329.0 |
| 008 - FIXED-LENGTH DATA ELEMENTS--GENERAL INFORMATION | |
| fixed length control field | 210716s2014 xx 000 0 und d |
| 020 ## - INTERNATIONAL STANDARD BOOK NUMBER | |
| International Standard Book Number | 9788126549221 |
| 040 ## - CATALOGING SOURCE | |
| Transcribing agency | AIMIT LIBRARY |
| 041 ## - LANGUAGE CODE | |
| Language code of text/sound track or separate title | eng |
| 082 ## - DEWEY DECIMAL CLASSIFICATION NUMBER | |
| Classification number | 621.3821 |
| Edition number | 1 |
| Item number | DRAJ |
| 100 ## - MAIN ENTRY--PERSONAL NAME | |
| Personal name | Drake, Joshua J. |
| 9 (RLIN) | 62059 |
| 245 ## - TITLE STATEMENT | |
| Title | Android hackers handbook / |
| Statement of responsibility, etc. | By Joshua J Drake...et.al |
| 250 ## - EDITION STATEMENT | |
| Edition statement | 1st ed. |
| 260 ## - PUBLICATION, DISTRIBUTION, ETC. | |
| Place of publication, distribution, etc. | New Delhi : |
| Name of publisher, distributor, etc. | WILEY , |
| Date of publication, distribution, etc. | 2014. |
| 300 ## - PHYSICAL DESCRIPTION | |
| Extent | xxix,545p. ; |
| Dimensions | 23 cm. |
| 650 ## - SUBJECT ADDED ENTRY--TOPICAL TERM | |
| Topical term or geographic name entry element | Looking at the ecosystem |
| 9 (RLIN) | 62060 |
| 650 ## - SUBJECT ADDED ENTRY--TOPICAL TERM | |
| Topical term or geographic name entry element | Android security design and architecture |
| 9 (RLIN) | 62061 |
| 650 ## - SUBJECT ADDED ENTRY--TOPICAL TERM | |
| Topical term or geographic name entry element | Finding vulnerabilities with fuzz testing |
| 9 (RLIN) | 62062 |
| 700 ## - ADDED ENTRY--PERSONAL NAME | |
| Personal name | Fora, Pau Oliva. |
| 9 (RLIN) | 62063 |
| 700 ## - ADDED ENTRY--PERSONAL NAME | |
| Personal name | Lanier, Zach. |
| 9 (RLIN) | 62064 |
| 700 ## - ADDED ENTRY--PERSONAL NAME | |
| Personal name | Mulliner, Collin. |
| 9 (RLIN) | 62065 |
| 700 ## - ADDED ENTRY--PERSONAL NAME | |
| Personal name | Ridley, Stephen A. |
| 9 (RLIN) | 62066 |
| 700 ## - ADDED ENTRY--PERSONAL NAME | |
| Personal name | Wicherski, Georg. |
| 9 (RLIN) | 62067 |
| 942 ## - ADDED ENTRY ELEMENTS (KOHA) | |
| Source of classification or shelving scheme | Dewey Decimal Classification |
| Koha item type | Book |
| Edition | 1st |
| Call number prefix | 621.3821 DRAJ |
| Withdrawn status | Lost status | Source of classification or shelving scheme | Damaged status | Not for loan | Collection code | Home library | Current library | Source of acquisition | Cost, normal purchase price | Inventory number | Total Checkouts | Full call number | Barcode | Date last seen | Cost, replacement price | Price effective from | Koha item type |
|---|---|---|---|---|---|---|---|---|---|---|---|---|---|---|---|---|---|
| Dewey Decimal Classification | MCA | St Aloysius Institute of Management & Information Technology | St Aloysius Institute of Management & Information Technology | Knowledge World | 748.00 | Bill no:341; Bill dt:2014-11-28 | 621.3821 DRAJ | MCA13764 | 07/21/2025 | 561.00 | 07/16/2021 | Book | |||||
| Dewey Decimal Classification | MCA | St Aloysius Institute of Management & Information Technology | St Aloysius Institute of Management & Information Technology | Knowledge World | 799.00 | Bill no:182; Bill dt:2016-01-13 | 621.3821 DRAJ | MCA14444 | 07/21/2025 | 599.25 | 07/16/2021 | Book |